000 01017cam a2200301 a 4500
001 21950
003 BD-RjUL
005 20211209000741.0
008 140306s1908 enk 001 1 eng d
035 _a(BD-RjUL)22015
040 _aUniversity of Michigan Library
_cDLC
_dDLC
_dBD-RjUL
_beng
041 _aeng
082 _a821.3
_bHEH 1908
100 1 _aHerrick, Robert,
_d1591-1674.
_958468
245 1 0 _aHerrick's Hesperides :
_b& Noble numbers /
_c Robert Herrick,
260 _aLondon :
_bJ.M. Dent ;
_aNew York :
_bE.P. Dutton,
_c1908
300 _axvi, 512 p. :
_c17 cm.
490 0 _aEveryman's library
504 _aIncludes index.
561 _5DLC
600 _a Rhys, Ernest,
_d1859-1946.
_954519
700 1 2 _aHerrick, Robert,
_d1591-1674.
_tNoble numbers.
_967769
710 2 _aOliver Wendell Holmes Collection (Library of Congress)
_5DLC
_94233
942 _2ddc
_cBK
999 _c21950
_d21950